Scrambled Words Ending in “H” - Statistics

General Stats
  • This quiz has been taken 52 times
  • The average score is 20 of 25
Answer Stats
Hint Answer % Correct
Stenhc Stench
95%
hatrW Wrath
93%
lhsPuib Publish
91%
sRdhia Radish
91%
mocohS Smooch
91%
Quhcen Quench
88%
helSgi Sleigh
88%
aAtguphro Autograph
86%
Thoghruo Thorough
86%
hApoparc Approach
84%
scawaBkh Backwash
84%
cmotahS Stomach
84%
hVqaunsi Vanquish
84%
lhhislfSe Shellfish
81%
cSihanp Spinach
79%
ceseeBh Beseech
77%
Eunhcu Eunuch
77%
Beehnta Beneath
74%
nbrhyLait Labyrinth
74%
Gsihilr Girlish
72%
hipalhsW Whiplash
72%
Carhckooc Cockroach
70%
henoWkbcr Workbench
67%
whdintBda Bandwidth
65%
ahpFttoo Footpath
65%
No matching quizzes found
Score Distribution
Percent of People with Each Score
Percentile by Number Answered
Your Score History
You have not taken this quiz